Kalendarz F1 2022 - Statystyki

Ogólne statystyki
  • Ten quiz został rozwiązany 268 razy
  • Średni wynik to 19 z 22
Statystyki odpowiedzi
Hint Odpowiedź % Poprawnych
Runda 3 Australia
95%
Runda 1 Bahrajn
95%
Runda 19 USA
93%
Runda 6 Hiszpania
92%
Runda 7 Monako
92%
Runda 10 Wielka Brytania
92%
Runda 16 Włochy
92%
Runda 14 Belgia
91%
Runda 18 Japonia
91%
Runda 21 Brazylia
90%
Runda 12 Francja
90%
Runda 2 Arabia Saudyjska
88%
Runda 20 Meksyk
88%
Runda 13 Węgry
88%
Runda 15 Holandia
86%
Runda 22 Abu Zabi
85%
Runda 11 Austria
85%
Runda 9 Kanada
85%
Runda 8 Azerbejdżan
84%
Runda 17 Singapur
83%
Runda 5 Miami
77%
Runda 4 Imola
75%
Nie znaleziono quizów pasujących do podanych kryteriów
Rozkład punktacji
Procent ludzi z każdym wynikiem
Percentyl według liczby udzielonych odpowiedzi
Twoja historia wyników
Nie rozwiązałeś tego quizu